LEADER 00780nam0-22002891i-450- 001 990006785540403321 005 20001010 035 $a000678554 035 $aFED01000678554 035 $a(Aleph)000678554FED01 035 $a000678554 100 $a20001010d--------km-y0itay50------ba 101 0 $aita 105 $ay-------001yy 200 1 $aDEMOCRAZIA$fWerner Conzo ... (ed altri)$gprefazione di Vittorio Emanuele Parsi 210 $aVenezia$cMarsilio$d1993. 215 $a142 p.$d21 cm 225 1 $aSaggi$iStoria e scienze sociali 702 1$aConze,$bWerner 801 0$aIT$bUNINA$gRICA$2UNIMARC 901 $aBK 912 $a990006785540403321 952 $aII F 25$b21974$fFSPBC 959 $aFSPBC 996 $aDemokratie$958298 997 $aUNINA DB $aGEN01